Statistics for Title in the Lyrics Quiz #5

Click here to take the quiz!

General Stats

  • This quiz has been taken 43,321 times
    (32,724 since last reset)
  • The average score is 9 of 18

Answer Stats

Song Lyric % Correct
They tried to make me go to {rehab} but I said no, no, no
85%
It's the {eye} {of} {the} {tiger}, it's the thrill of the fight / Risin' up to the challenge of our rivalĀ 
76%
Brown paper packages tied up with strings / These are a few of {my} {favorite} {things}
71%
I fell into a burning {ring} {of} {fire} / I went down, down, down and the flames went higher
62%
I'm starting with the {man} {in} {the} {mirror} / I'm asking him to change his ways
54%
{Country} {roads}, take me home / to the place I belong / West Virginia, mountain momma
53%
I'm bringing {sexy} {back} / them other boys don't know how to act
49%
{Tutti} {frutti}, oh rutti / Wop bop a loo bop a lop bam boom!
48%
Just {singing} {in} {the} {rain} / What a glorious feeling / I'm happy again
45%
And then she asks me "Do I look alright?" / And I say "Yes, you look {wonderful} {tonight}"
45%
I wanna {rock} {and} {roll} {all} {nite} and party every day
45%
{Hey} {soul} {sister} / Ain't that Mr. Mister on the radio
41%
{Puff} {the} {magic} {dragon} lived by the sea / And frolicked in the autumn mist in a land called Honah Lee
40%
Because tramps like us, baby we were {born} {to} {run}
35%
{Summertime} / And the livin' is easy / Fish are jumpin' / And the cotton is high
34%
{Sweet} {home} {Alabama} / where the skies are so blue
32%
I have to celebrate you baby / I have to {praise} {you} like I should
31%
{Under} {the} {boardwalk}, down by the sea / On a blanket with my baby is where I'll be
26%

Score Distribution

Percentile by Number Answered

Percent of People with Each Score

Your Score History

You have not taken this quiz since the last reset